BUSTAN (Record no. 705812)
[ view plain ]
| 000 -LEADER | |
|---|---|
| sabit uzunluktaki kontrol alanı | 00235nam a2200097Ia 4500 |
| 001 - KONTROL NUMARASI | |
| kontrol alanı | 705812 |
| 005 - EN SON İŞLEMİN TARİH VE ZAMANI | |
| kontrol alanı | 20250826162437.0 |
| 008 - SABİT-UZUNLUKTA VERİ ÖĞELERİ--GENEL BİLGİ | |
| sabit uzunluktaki kontrol alanı | 250824s9999 xx 000 0 und d |
| 245 #0 - ESER / YAZAR | |
| ESER ADI | BUSTAN |
| Yazar Adı | SA Dİ-Yİ ŞİRAZİ |
| 260 ## - YAYIN, DAĞITIM, VB. | |
| YAYIN EVİ | ŞULE YAYINLARI |
| Düşüm durumu | Kayıp durumu | Hasar Durumu | Ödünç verilmez | Ana kütüphane | Geçerli Kütüphane | Edinilen tarih | Toplam ödünç verme sayısı | Barkod | Son görüntüleme tarihi | Fiyatın geçerli olmaya başladığı tarih | Koha materyal türü |
|---|---|---|---|---|---|---|---|---|---|---|---|
| MUHAMMET HAMDİ YAZIR İMAM HATİP ORTAOKULU | MUHAMMET HAMDİ YAZIR İMAM HATİP ORTAOKULU | 24.08.2025 | 10262978 | 26.08.2025 | 26.08.2025 | Books |